ბათუმის შოთა რუსთაველის სახელმწიფო უნივერსიტეტის ბიბლიოთეკა

თხზულებათა სრული კრებული ორ ტომად. ტ1 (ბიბ.ჩანაწერი № 43631)

000 -LEADER
fixed length control field 01169nam a2200229Ia 4500
001 - CONTROL NUMBER
control field 10366
003 - CONTROL NUMBER IDENTIFIER
control field GE_BSU
008 - FIXED-LENGTH DATA ELEMENTS--GENERAL INFORMATION
fixed length control field 181216s||||||||xx |||||||||||||| ||und||
040 ## - CATALOGING SOURCE
Transcribing agency GE_BSU
080 ## - UNIVERSAL DECIMAL CLASSIFICATION NUMBER
Universal Decimal Classification number 821.353.1–32
100 ## - MAIN ENTRY--PERSONAL NAME
Personal name უიარაღო,(თათარაშვილი,კონდრატე)
245 ## - TITLE STATEMENT
Title თხზულებათა სრული კრებული ორ ტომად. ტ1
245 ## - TITLE STATEMENT
Remainder of title მოთხრობები,ნარკვევები და წერილები. XXXIV
245 ## - TITLE STATEMENT
Statement of responsibility, etc. შეადგ.შესავ.წერილი წაუმძღვარა და შენიშვნ.დაურთო ს.ცაიშვილმა.რედ.გროგოლ.ჩიქოვანი.მხატვ.ი.ჯანაშვილი
260 ## - PUBLICATION, DISTRIBUTION, ETC.
Place of publication, distribution, etc. თბილისი
260 ## - PUBLICATION, DISTRIBUTION, ETC.
Name of publisher, distributor, etc. საბჭ.მწერალი
260 ## - PUBLICATION, DISTRIBUTION, ETC.
Date of publication, distribution, etc. 1957
300 ## - PHYSICAL DESCRIPTION
Extent 638გვ.23სმ.
653 ## - INDEX TERM--UNCONTROLLED
Uncontrolled term თხზულებათა სრული კრებული
653 ## - INDEX TERM--UNCONTROLLED
Uncontrolled term მოთხრობები,ნარკვევები და წერილები
942 ## - ADDED ENTRY ELEMENTS (KOHA)
Koha item type წიგნი
ეგზემპლარები
Withdrawn status Lost status Damaged status Not for loan Date acquired Barcode Date last seen Price effective from Koha item type
        2018-12-17 33987 2018-12-17 2018-12-17 წიგნი